00854 2200289 4500001002100000005001500021035002000036007000300056008004100059020002200100040002200122082001400144084001600158090002200174100003300196245007900229300004800308650001400356850001200370504003400382264003000416336002100446337003000467338002300497999002200520990002200542INLIS00000000087316020220914010735 a0010-0922000688ta220914s2022 yoia g ind d a978-623-01-2499-0 aYOPDYOGbinderda04223a332.6 a332.6 JOG p aCB-D.11 2022-11250 aJogiyanto Hartonoepengarang10aPortofolio dan analisis investasi :bpendekatan modul /cJogiyanto Hartono axxiv, 936 halaman :btabel, gambar ;c23 cm 4aInvestasi aYOPDYOG aBibliografi halaman [927]-93431aYogyakarta :bANDI,c2022 2rdacontentateks 2rdamediaatanpa perantara 2rdacarrieravolume aCB-D.11/2022-1125 aCB-D.11/2022-1125